Logo BPK

Biblioteka

Politechniki Koszalińskiej

Wielkie tabele witamin i składników mineralnych / (Rekord nr 38573)

Szczegóły MARC
000 -ETYKIETA REKORDU
podpole kontrolne o stałej długości 01775nam a2200541 i 4500
001 - NUMER KONTROLNY REKORDU
pole kontrolne 38573
003 - IDENTYFIKATOR NUMERU KONTROLNEGO REKORDU
podpole kontrolne KOSZ 005
005 - DATA OSTATNIEJ MODYFIKACJI REKORDU
podpole kontrolne 20200715135757.0
008 - POLE O STAŁEJ DŁUGOŚCI - DANE KONTROLNE
podpole kontrolne o stałej długości 990511s1999 pl |000 0 pol
015 ## - NUMER BIBLIOGRAFII NARODOWEJ
Numer bibliografii narodowej UWD 1999/6423
020 ## - MIĘDZYNARODOWY ZNORMALIZOWANY NUMER KSIĄŻKI - ISBN
ISBN 8372004285
035 ## - NUMER SYSTEMOWY
Numer systemowy przejętego rekordu 991010048149705066
035 ## - NUMER SYSTEMOWY
Numer systemowy przejętego rekordu (PL-WaBN)b12740962-48omnis_nlop
035 ## - NUMER SYSTEMOWY
Numer systemowy przejętego rekordu b12740962
035 ## - NUMER SYSTEMOWY
Numer systemowy przejętego rekordu (OCoLC)751317380
035 ## - NUMER SYSTEMOWY
Numer systemowy przejętego rekordu (PL)b0000001274096
035 ## - NUMER SYSTEMOWY
Numer systemowy przejętego rekordu (EXLNZ-48OMNIS_NETWORK)9910131107905606
040 ## - ŹRÓDŁO KATALOGOWANIA
Instytucja, która sporządziła opis WA N
Instytucja, która utworzyła rekord WA N
Instytucja, która dokonała modyfikacji KOSZ 005/HR
041 1# - KOD JĘZYKA
Kod języka tekstu pol
Kod języka oryginału ger
046 ## - DATY KODOWANE
Pojedyncza data lub początek okresu powstania dzieła lub zbioru dzieł 1999
080 ## - UNIWERSALNA KLASYFIKACJA DZIESIĘTNA - UKD
UKD 615.3
080 ## - UNIWERSALNA KLASYFIKACJA DZIESIĘTNA - UKD
UKD 613.2
080 ## - UNIWERSALNA KLASYFIKACJA DZIESIĘTNA - UKD
UKD (083)
100 1# - NAZWA OSOBOWA
Nazwa osobowa Elmadfa, Ibrahim
Określenie rodzaju współpracy Autor
245 10 - TYTUŁ/ODPOWIEDZIALNOŚĆ
Tytuł Wielkie tabele witamin i składników mineralnych /
Pozostałe elementy strefy tytułu i oznaczenia odpowiedzialności I. Elmadfa, D. Fritzsche ; [tł. Jan Rubinowicz].
246 1# - WARIANT TYTUŁU
Treść wyrażenia wprowadzającego Tyt. oryg.:
Tytuł Grosse GU Vitamin und Mineralstoff Tabelle
260 ## - STREFA ADRESU WYDAWNICZEGO
Miejsce wydania Warszawa :
Nazwa wydawcy/dystrybutora "Muza",
Data publikacji, dystrybucji/powstania dokumentu 1999.
300 ## - STREFA OPISU FIZYCZNEGO
Objętość 95, [1] s. ;
Rozmiary 19 x 21 cm
336 ## - TYP ZAWARTOŚCI
Termin opisujący typ zawartości Tekst
Kod określający zawartość txt
Źródło (terminu i kodu) rdacontent
337 ## - TYP MEDIÓW
Tryb odtwarzania Bez urządzenia pośredniczącego
Kod typu mediów n
Źródło (terminu i kodu) rdamedia
338 ## - TYP/RODZAJ NOŚNIKA
Hasło opisujące typ nośnika Wolumin
Kod typu nośnika nc
Źródło (terminu i kodu) rdacarrier
380 ## - FORMA I TYP PUBLIKACJI
Forma i typ publikacji Książki
388 ## - CZAS POWSTANIA
Czas powstania 1901-2000
388 ## - CZAS POWSTANIA
Czas powstania 1989-2000
500 ## - UWAGI OGÓLNE
Tekst uwagi Tyt. oryg.: "Die grosse GU Vitamin und Mineralstoff Tabelle" 1984.
504 ## - UWAGA DOTYCZĄCA BIBLIOGRAFII
Informacje o bibliografii Bibliogr. s. 92.
650 #7 - HASŁO PRZEDMIOTOWE W FORMIE NAZWY OGÓLNEJ LUB JEDNOSTKOWEJ
Nazwa ogólna lub geograficzna Mikroelementy
Źródło hasła lub terminu DBN
650 #7 - HASŁO PRZEDMIOTOWE W FORMIE NAZWY OGÓLNEJ LUB JEDNOSTKOWEJ
Nazwa ogólna lub geograficzna Witaminy
Źródło hasła lub terminu DBN
650 #7 - HASŁO PRZEDMIOTOWE W FORMIE NAZWY OGÓLNEJ LUB JEDNOSTKOWEJ
Nazwa ogólna lub geograficzna Zdrowe odżywianie
Źródło hasła lub terminu DBN
655 #7 - TERMIN INDEKSOWY - OKREŚLENIE RODZAJU/FORMY DOKUMENTU
Określenie rodzaju/formy dokumentu Tablice i wzory
Źródło terminu DBN
658 ## - TERMIN INDEKSOWY - PRZEDMIOT PROGRAMU NAUCZANIA
Główny przedmiot programu nauczania Medycyna i zdrowie
700 1# - HASŁO DODATKOWE - NAZWA OSOBOWA
Nazwa osobowa Fritzsche, Doris
700 1# - HASŁO DODATKOWE - NAZWA OSOBOWA
Nazwa osobowa Rubinowicz, Jan
Określenie związku między hasłem a opisywanym materiałem Tłumaczenie
710 2# - HASŁO DODATKOWE - NAZWA CIAŁA ZBIOROWEGO
Nazwa ciała zbiorowego lub jednostki geograficznej Muza
Kod określenia powiązania pbl
856 ## - LOKALIZACJA I DOSTĘP DO ELEKTRONICZNYCH DOKUMENTÓW ZDALNYCH
Link (URL) http://koha.tu.koszalin.pl/cgi-bin/koha/opac-detail.pl?biblionumber=38573
Tekst linku Katalog online BPK
942 ## - DODATKOWE ELEMENTY (KOHA)
Schemat klasyfikacji Uniwersalna Klasyfikacja Dziesiętna
Typ dokumentu Książka
Egzemplarze
Wycofany Status egzemplarza Uszkodzony Dostępność Lokalizacja stała Lokalizacja bieżąca Miejsce przechowywania Sygnatura Kod kreskowy Dział Typ dokumentu Ostatnio wypożyczono
      Tylko na miejscu Biblioteka Politechniki Koszalińskiej Biblioteka Politechniki Koszalińskiej Czytelnia BG 56382 01523744 613/614 Odżywianie Książka  
      Dostępny Biblioteka Politechniki Koszalińskiej Biblioteka Politechniki Koszalińskiej Wypożyczalnia BG 56383 01523751   Książka 25.11.2016
© 2023 Biblioteka Politechniki Koszalińskiej :: KOHA